[Event "DGCC-Rooks"]
[Site "?"]
[Date "2011.04.06"]
[Round "?"]
[White "Bungo, Greg"]
[Black "Hill, Bob"]
[Result "1-0"]
[WhiteElo "2119"]
[BlackElo "1909"]
[PlyCount "113"]

1. d4 d5 2. Nc3 Nf6 3. Bg5 h6 4. Bxf6 exf6 5. f3 c6 6. e4 dxe4 7. fxe4 Bd6 8.
Nf3 O-O 9. Bd3 Bg4 10. Qd2 Bxf3 11. gxf3 Qc7 12. Qf2 Na6 13. O-O-O Nb4 14. Bc4
b5 15. Bb3 a5 16. a3 a4 17. Ba2 Nxa2+ 18. Nxa2 c5 19. dxc5 Bxc5 20. Qg3 Be3+
21. Kb1 Bf4 22. Qg2 Rfd8 23. h3 Bd6 24. c3 Qc4 25. Rd4 Qc7 26. Rg1 g6 27. Rgd1
Bf4 28. Nb4 Rxd4 29. Rxd4 Be5 30. Nd5 Qd6 31. Rd3 Kg7 32. Qd2 Qc5 33. f4 Bb8
34. h4 Ba7 35. h5 Re8 36. hxg6 Qg1+ 37. Ka2 Rxe4 38. Nxf6 Re1 39. Nh5+ Kxg6 40.
Rg3+ Kxh5 41. Qd5+ Kh4 42. Rxg1 Rxg1 43. Qxf7 Bf2 44. Qf6+ Kh5 45. Qf5+ Kh4 46.
Qe4 h5 47. f5+ Rg4 48. Qf3 Bg3 49. Qc6 Kg5 50. Qg6+ Kh4 51. Qh7 Rf4 52. Qe7+
Kg4 53. f6 Bh4 54. Qe6+ Kf3 55. f7 Bg5 56. Qd6 Rf5 57. Qd3+ 1-0

[Event "DGCC-Rooks"]
[Site "?"]
[Date "2011.04.05"]
[Round "?"]
[White "Suarez, Ed"]
[Black "Wakerly, Ralph"]
[Result "0-1"]
[WhiteElo "1883"]
[BlackElo "1872"]
[PlyCount "52"]

1. d4 Nf6 2. c4 c5 3. Nf3 g6 4. Nc3 Bg7 5. e4 cxd4 6. Nxd4 d6 7. f3 Nc6 8. Be3
Qa5 9. Qd2 Bd7 10. Be2 a6 11. O-O O-O 12. Nb3 Qc7 13. Bh6 Ne5 14. Rac1 Bxh6 15.
Qxh6 Qb6+ 16. Kh1 Rac8 17. Nd5 Nxd5 18. cxd5 Ba4 19. f4 Bxb3 20. axb3 Rxc1 21.
Rxc1 Qe3 22. Re1 Ng4 23. Qh4 Nf2+ 24. Kg1 Nxe4+ 25. Kh1 Nf2+ 26. Kg1 Nd3+ 0-1

[Event "Rooks-DGCC"]
[Site "?"]
[Date "2011.04.05"]
[Round "?"]
[White "Gwekoh, R."]
[Black "Smith, Brian"]
[Result "1/2-1/2"]
[WhiteElo "1430"]
[BlackElo "1609"]
[PlyCount "87"]

1. e4 c5 2. Nf3 Nc6 3. d4 cxd4 4. Nxd4 g6 5. Bc4 Bg7 6. c3 d6 7. Be3 Nf6 8. f3
O-O 9. Qd2 Re8 10. Na3 a6 11. Nac2 Qc7 12. Bd3 Ne5 13. O-O Bd7 14. Rfd1 b5 15.
Rac1 Nc4 16. Bxc4 Qxc4 17. b3 Qc7 18. h3 Rec8 19. Ne1 a5 20. c4 bxc4 21. Rxc4
Qb7 22. Rdc1 Rxc4 23. Rxc4 d5 24. exd5 Nxd5 25. Bf2 e5 26. Ne2 a4 27. Nc3 Nxc3
28. Qxc3 Be6 29. Rb4 Qd5 30. Rxa4 Rxa4 31. bxa4 Qxa2 32. Qb4 Bf8 33. Qb8 Qd5
34. Qb6 Qb3 35. Qxb3 Bxb3 36. a5 Bb4 37. a6 Bxe1 38. Bxe1 Kf8 39. Kf2 f5 40.
Bc3 e4 41. fxe4 fxe4 42. Ke3 Bd5 43. Bd4 Ke7 44. Kf4 1/2-1/2